000 00436nam a2200169Ia 4500
008 240729s9999 xx 000 0 und d
022 _a2666-1381
245 0 _aEngineered Regeneration
260 _aChina
260 _bKeAi Communications Co., Ltd.
650 _a Biology (General)
650 _a Life
650 _aScience
856 _uhttps://doaj.org/toc/ffc4a870eacd4deb8e7b99df12c937e8
942 _2ddc
942 _cDOAJEJ
999 _c67643
_d67643
945 _a1
_bMadushi Gamage
_c1
_dMadushi Gamage